000
00282nam a2200109Ia 4500
008
200302s9999 xx 000 0 und d
100
_a
Satish Grover
245
_a
Islamic Architecture in India 2nd ed.,
260
_b
CBS Publishers & Distributors
260
_c
2009
300
_a
179 P.,
999
_c
2632
_d
2632